Statistics for Category Elimination - Best & Worst Countries

Click here to take the quiz!

General Stats

  • This quiz has been taken 1,959 times
  • The average score is 8 of 10

Answer Stats

Group#Category% Correct
Best Country29Countries where same-sex marriage is legal
100%
Best Country18... with the democracy index full democracy
97%
Best Country13... with a HDI* above 0.9
95%
Worst Country53Countries enforcing capital punishment
91%
Worst Country21... with the democracy index authoritarian
88%
Best Country7... and an income disparity (Gini) below 0.2
85%
Worst Country4... with >40% of the population in poverty**
60%
Worst Country2... and a HDI* below 0.5
51%
Best Country1... with an average temperature >9°C (48°F)Netherlands
49%
Worst Country1... which has endured 26 warsAfghanistan
42%

Score Distribution

Percentile by Number Answered

Percent of People with Each Score

Your Score History

You have not taken this quiz